[Event "Itzehoe op 3rd"]
[Site "Itzehoe"]
[Date "2024.05.10"]
[Round "3"]
[White "Heimbrodt, Birk"]
[Black "Ploog, Jakob"]
[Result "0-1"]
[WhiteElo "1845"]
[BlackElo "1693"]
[PlyCount "58"]
[EventDate "2024.05.09"]
[EventType "swiss"]
[EventRounds "7"]
[EventCountry "GER"]
[SourceTitle "CBM 220 Extra"]
[Source "ChessBase"]
[SourceDate "2024.07.31"]
[SourceVersion "1"]
[SourceVersionDate "2024.07.31"]
[SourceQuality "1"]

1. e4 c5 2. Nc3 Nc6 3. f4 d6 4. Nf3 Bg4 5. Bc4 e5 6. Bxf7+ Kxf7 7. Ng5+ Qxg5 8. fxg5 Bxd1 9. 0-0+ Ke8 10. Rxd1 Be7 11. d3 Nd4 12. Nd5 Rc8 13. Bd2 Nxc2 14. Rac1 Nd4 15. Re1 Ne6 16. b4 b6 17. bxc5 dxc5 18. Bc3 Bd6 19. Rf1 g6 20. h4 Nd4 21. Rf2 Ne7 22. Nf6+ Kd8 23. Rcf1 c4 24. Bxd4 exd4 25. dxc4 Rxc4 26. Re2 Be5 27. Nd5 Nxd5 28. exd5 Bc7 29. Rf7 Rc1+ 0-1